Diversity and evolution of plants

Αποθηκεύτηκε σε:
Λεπτομέρειες βιβλιογραφικής εγγραφής
Κύριος συγγραφέας: Pearson, Lorentz C.
Μορφή: Βιβλίο
Γλώσσα:English
Δημοσίευση: Boca Raton : CRC Press, c1995
Θέματα:
Ετικέτες: Προσθήκη ετικέτας
Δεν υπάρχουν, Καταχωρήστε ετικέτα πρώτοι!

MARC

LEADER 00000nam a2200000 i 4500
001 1/69881
008 981111s1995 eng d
020 |a 0-8493-2483-1 
035 |l 10030486 
040 |a GR-MY-UA  |b gre  |e aacr 
041 0 |a eng 
082 0 |a 581 
100 1 |a Pearson, Lorentz C. 
245 1 0 |a Diversity and evolution of plants /  |c Lorentz C. Pearson 
260 |a Boca Raton :   |b CRC Press,   |c c1995 
300 |a 646 p.  |b ill. 
504 |a Includes bibliographical references and index 
650 0 0 |a Botany. 
650 0 0 |a Botany  |x Classification. 
650 0 0 |a Plants  |x Evolution. 
852 |a INST  |b LESVOS  |e 19981111  |h 581 PEA  |p 005100018363  |q 005100018363  |t BK  |y 0 
901 |a BIBL-1999-1 
909 |a Λ  |b 059777 
922 |a 1ΕΛΗ  |b 199810  |c ΚΠΣ/ΤΠ  |d ΠΑΠΑΣΩΤΗΡΙΟΥ 
950 |a 107-1998-07-09